[Event "Rio de Janeiro CXG 2nd"]
[Site "Rio de Janeiro"]
[Date "2016.05.21"]
[Round "6.7"]
[White "Mendes, Jorge Alberto Dacal"]
[Black "De Senna, Luiz Paulo Curi"]
[Result "1-0"]
[WhiteElo "1848"]
[BlackElo "1410"]
[PlyCount "75"]
[EventDate "2016.05.07"]
[EventType "swiss"]
[EventRounds "6"]
[EventCountry "BRA"]
[SourceTitle "EXT 2022"]
[Source "ChessBase"]
[SourceDate "2021.10.06"]
[SourceVersion "1"]
[SourceVersionDate "2021.10.06"]
[SourceQuality "1"]

1. Nf3 d5 2. g3 Nf6 3. Bg2 e6 4. d4 b6 5. c4 Bb4+ 6. Bd2 Bxd2+ 7. Nfxd2 Bb7 8. Nc3 0-0 9. Rc1 Qe7 10. a3 Na6 11. b4 c5 12. b5 Nc7 13. dxc5 bxc5 14. 0-0 a6 15. b6 Nce8 16. Na4 Nd7 17. Nb3 Rb8 18. cxd5 exd5 19. Nbxc5 Nxc5 20. Rxc5 Nf6 21. Qb3 Rfd8 22. Rc7 Qxe2 23. Nc5 Bc8 24. b7 Bf5 25. Bf3 Qe5 26. Nxa6 h6 27. Rfc1 Be6 28. Nxb8 Rxb8 29. Qc3 d4 30. Rc8+ Bxc8 31. bxc8Q+ Rxc8 32. Qxc8+ Kh7 33. Qc2+ g6 34. Qd3 h5 35. Rc4 Qe1+ 36. Kg2 Ng4 37. Qxd4 Ne5 38. Rc8 1-0

[Event "Rio de Janeiro Guanabara op 2nd"]
[Site "Rio de Janeiro"]
[Date "2014.03.15"]
[Round "1"]
[White "Mendes, Jorge Alberto Dacal"]
[Black "Ramos, Angelo Bil"]
[Result "0-1"]
[WhiteElo "1858"]
[BlackElo "2078"]
[PlyCount "84"]
[EventDate "2014.03.15"]
[EventType "swiss"]
[EventRounds "6"]
[EventCountry "BRA"]
[SourceTitle "EXT 2018"]
[Source "ChessBase"]
[SourceDate "2017.10.13"]
[SourceVersion "1"]
[SourceVersionDate "2017.10.13"]
[SourceQuality "1"]

1. c4 Nf6 2. Nf3 g6 3. b3 Bg7 4. Bb2 0-0 5. g3 b6 6. Bg2 Bb7 7. 0-0 d6 8. d4 e6 9. Nc3 Nbd7 10. Qc2 a6 11. Rad1 c5 12. e4 cxd4 13. Nxd4 Qc7 14. Rfe1 Rac8 15. a4 Rfd8 16. Qe2 Nc5 17. b4 Ncd7 18. Ndb5 axb5 19. Nxb5 Qxc4 20. Qxc4 Rxc4 21. Nxd6 Rc7 22. Nxb7 Rxb7 23. Bxf6 Bxf6 24. e5 Rbb8 25. exf6 Nxf6 26. Bc6 Kf8 27. a5 bxa5 28. bxa5 Rdc8 29. Rc1 Nd5 30. a6 Rc7 31. Rb1 Rxb1 32. Rxb1 Rxc6 33. Rb8+ Ke7 34. Rb7+ Kf6 35. a7 Ra6 36. Kg2 Ne7 37. Rc7 g5 38. g4 Nd5 39. Rb7 h6 40. Kf3 Ra4 41. Rd7 Ra3+ 42. Ke4 Nc3+ 0-1

[Event "Rio de Janeiro Regional Sudeste"]
[Site "Rio de Janeiro"]
[Date "2013.03.30"]
[Round "4"]
[White "Mendes, Jorge Alberto Dacal"]
[Black "De Oliveira, Fillipe Fernandes"]
[Result "0-1"]
[WhiteElo "1874"]
[BlackElo "1782"]
[PlyCount "78"]
[EventDate "2013.03.29"]
[EventType "swiss"]
[EventRounds "6"]
[EventCountry "BRA"]
[SourceTitle "CBM 153 Extra"]
[Source "ChessBase"]
[SourceDate "2013.04.22"]
[SourceVersion "1"]
[SourceVersionDate "2013.04.22"]
[SourceQuality "1"]

1. c4 g6 2. Nc3 Bg7 3. e4 d6 4. d4 Nf6 5. f3 Nbd7 6. Be3 0-0 7. Nh3 c5 8. d5 Ne5 9. Nf2 e6 10. f4 Neg4 11. Nxg4 Nxg4 12. Qxg4 exd5 13. Qf3 d4 14. Nd5 dxe3 15. 0-0-0 Qa5 16. Kb1 Re8 17. Qxe3 Kh8 18. Qf2 Rxe4 19. Bd3 Rd4 20. Qc2 Rxd3 21. Rxd3 Bf5 22. Rhd1 Re8 23. Qd2 Bxd3+ 24. Qxd3 Re1 25. a3 b5 26. cxb5 Rxd1+ 27. Qxd1 Qxb5 28. Qd2 Qf1+ 29. Ka2 Qc4+ 30. Kb1 Bd4 31. Ne3 Bxe3 32. Qxe3 Qf1+ 33. Ka2 Qxg2 34. Qc3+ Kg8 35. Qf6 Qd5+ 36. Ka1 Qe6 37. Qh4 d5 38. Qf2 d4 39. Qc2 c4 0-1

[Event "Guanabara op 1st"]
[Site "Rio de Janeiro"]
[Date "2013.02.23"]
[Round "6"]
[White "Santos Filho, Tadeu Souza"]
[Black "Mendes, Jorge Alberto Dacal"]
[Result "1-0"]
[WhiteElo "2080"]
[BlackElo "1874"]
[PlyCount "61"]
[EventDate "2013.01.12"]
[EventType "swiss"]
[EventRounds "6"]
[EventCountry "BRA"]
[SourceTitle "EXT 2014"]
[Source "ChessBase"]
[SourceDate "2013.11.20"]
[SourceVersion "1"]
[SourceVersionDate "2013.11.20"]
[SourceQuality "1"]

1. e4 c6 2. d4 d5 3. e5 Bf5 4. Nf3 e6 5. Be2 Nd7 6. 0-0 Be7 7. b3 h5 8. c4 h4 9. h3 g5 10. Nh2 dxc4 11. bxc4 Nh6 12. Bb2 Qc7 13. Qa4 Nb6 14. Qb3 Rg8 15. Ng4 Nxg4 16. hxg4 Bg6 17. Nd2 0-0-0 18. a4 a6 19. Bc3 Nd7 20. c5 Nxe5 21. dxe5 Bxc5 22. Nc4 Qe7 23. Ba5 Rd5 24. Rfd1 Be4 25. Bf3 Rxd1+ 26. Rxd1 Bd5 27. Rb1 b5 28. Bxd5 exd5 29. Nd6+ Kb8 30. axb5 axb5 31. Nxb5 1-0

[Event "Guanabara op 1st"]
[Site "Rio de Janeiro"]
[Date "2013.02.02"]
[Round "4"]
[White "Noseda, Francesco"]
[Black "Mendes, Jorge Alberto Dacal"]
[Result "1-0"]
[WhiteElo "1800"]
[BlackElo "1874"]
[PlyCount "83"]
[EventDate "2013.01.12"]
[EventType "swiss"]
[EventRounds "6"]
[EventCountry "BRA"]
[SourceTitle "EXT 2014"]
[Source "ChessBase"]
[SourceDate "2013.11.20"]
[SourceVersion "1"]
[SourceVersionDate "2013.11.20"]
[SourceQuality "1"]

1. e4 c5 2. Nf3 Nc6 3. d4 cxd4 4. Nxd4 g6 5. Nc3 Bg7 6. Be3 Nf6 7. Bc4 0-0 8. Bb3 d6 9. f3 Nxd4 10. Bxd4 Bd7 11. Qd2 b5 12. g4 e5 13. Be3 Qc7 14. 0-0-0 Rac8 15. Qxd6 Bc6 16. Qxc7 Rxc7 17. Rd3 Ra8 18. Rhd1 Rcc8 19. Nd5 Nxd5 20. Bxd5 Bf6 21. Bxc6 Rxc6 22. Rd7 Rac8 23. R1d2 Kf8 24. R7d6 Ke8 25. Rxc6 Rxc6 26. Rd5 a6 27. c3 Re6 28. Kc2 Be7 29. b3 f6 30. c4 Rc6 31. Kd3 b4 32. c5 Rc8 33. Kc4 Rb8 34. Bd2 a5 35. Be3 Kf7 36. c6 Ke6 37. c7 Rc8 38. Bb6 a4 39. bxa4 Bd6 40. Kb5 Kd7 41. a5 Ra8 42. a6 1-0

[Event "Rio de Janeiro IRT CXG BOTVINNIK"]
[Site "Rio de Janeiro"]
[Date "2011.09.17"]
[Round "5.2"]
[White "Mendes, Jorge Alberto Dacal"]
[Black "Baeta, Marcio Netto"]
[Result "0-1"]
[WhiteElo "1870"]
[BlackElo "2162"]
[PlyCount "62"]
[EventDate "2011.08.13"]
[EventType "swiss"]
[EventRounds "7"]
[EventCountry "BRA"]
[SourceTitle "EXT 2022"]
[Source "ChessBase"]
[SourceDate "2021.10.06"]
[SourceVersion "1"]
[SourceVersionDate "2021.10.06"]
[SourceQuality "1"]

1. c4 Nf6 2. Nc3 e5 3. g3 d5 4. cxd5 Nxd5 5. Bg2 Nb6 6. d3 Be7 7. Nf3 Nc6 8. 0-0 0-0 9. b3 Be6 10. Bb2 f6 11. Rc1 Qd7 12. Bh1 a5 13. a3 Nd4 14. Nxd4 exd4 15. Ne4 Qb5 16. Rxc7 Bxb3 17. Qa1 Nd5 18. Rxe7 Nxe7 19. Bxd4 Nf5 20. Nc3 Qd7 21. Bc5 Rfc8 22. Ne4 Rc6 23. Qb2 Bd5 24. Bb6 Rac8 25. Bxa5 Rc2 26. Nxf6+ gxf6 27. Qxf6 Bxh1 28. Qg5+ Ng7 29. Kxh1 R8c5 30. Qd8+ Qxd8 31. Bxd8 Rxe2 0-1

[Event "Rio de Janeiro IRT CXG BOTVINNIK"]
[Site "Rio de Janeiro"]
[Date "2011.09.10"]
[Round "4.3"]
[White "Mendes, Jorge Alberto Dacal"]
[Black "Rocha, Joao Batista Jose"]
[Result "1/2-1/2"]
[WhiteElo "1870"]
[BlackElo "1965"]
[PlyCount "119"]
[EventDate "2011.08.13"]
[EventType "swiss"]
[EventRounds "7"]
[EventCountry "BRA"]
[SourceTitle "EXT 2022"]
[Source "ChessBase"]
[SourceDate "2021.10.06"]
[SourceVersion "1"]
[SourceVersionDate "2021.10.06"]
[SourceQuality "1"]

1. c4 e5 2. Nc3 Nc6 3. g3 d6 4. Bg2 g6 5. d3 Bg7 6. e4 Nge7 7. Nge2 0-0 8. Rb1 a5 9. 0-0 Be6 10. Be3 f5 11. a3 Qd7 12. Nd5 b6 13. Qa4 h6 14. Nxe7+ Nxe7 15. Qxd7 Bxd7 16. exf5 Rab8 17. fxg6 Nxg6 18. d4 Bf5 19. Rbc1 Bd3 20. Rfe1 Bxe2 21. Rxe2 exd4 22. Bd5+ Kh8 23. Bd2 Ne5 24. Kg2 Nd3 25. Rb1 Rbe8 26. Rxe8 Rxe8 27. Bf3 c5 28. b4 axb4 29. axb4 cxb4 30. Bxb4 Nxb4 31. Rxb4 Rb8 32. Be4 Bf8 33. Ra4 b5 34. cxb5 Rxb5 35. Rxd4 Rb2 36. Bd5 Bg7 37. Ra4 Be5 38. Ra2 Rb5 39. Rd2 Rb6 40. f4 Bc3 41. Rd3 Rb2+ 42. Kf3 Be1 43. Re3 Rf2+ 44. Kg4 Bb4 45. h4 Bc5 46. Re8+ Kg7 47. Kh5 Rd2 48. Rg8+ Kf6 49. Rg6+ Ke7 50. Re6+ Kd7 51. Bc4 Rc2 52. Bd3 Rc3 53. Bf5 Kc7 54. Rg6 Bf2 55. Kxh6 Bxg3 56. Kg5 Rc4 57. h5 Bxf4+ 58. Kf6 Be5+ 59. Kg5 Bf4+ 60. Kf6 1/2-1/2

[Event "Rio de Janeiro IRT CXG BOTVINNIK"]
[Site "Rio de Janeiro"]
[Date "2011.08.13"]
[Round "1.6"]
[White "Machado, Wallace Fernandes"]
[Black "Mendes, Jorge Alberto Dacal"]
[Result "0-1"]
[WhiteElo "1884"]
[BlackElo "1870"]
[PlyCount "68"]
[EventDate "2011.08.13"]
[EventType "swiss"]
[EventRounds "7"]
[EventCountry "BRA"]
[SourceTitle "EXT 2022"]
[Source "ChessBase"]
[SourceDate "2021.10.06"]
[SourceVersion "1"]
[SourceVersionDate "2021.10.06"]
[SourceQuality "1"]

1. e4 c5 2. Nf3 d6 3. d4 cxd4 4. Nxd4 Nf6 5. Nc3 g6 6. Bc4 Bg7 7. 0-0 0-0 8. Be3 Nc6 9. Qd2 Ng4 10. Nxc6 bxc6 11. Bf4 Ne5 12. Bb3 Qc7 13. Bh6 Bxh6 14. Qxh6 Ng4 15. Qf4 Kg7 16. Rad1 h5 17. Rfe1 Bb7 18. h3 Ne5 19. Re3 f5 20. Rg3 fxe4 21. Qh4 d5 22. Qxh5 Rf6 23. Qg5 Raf8 24. Rd2 e6 25. a3 Rf5 26. Qe3 c5 27. Qe1 Qe7 28. Nb5 d4 29. a4 a6 30. Na3 Qf6 31. Re2 e3 32. f3 Bxf3 33. gxf3 Nxf3+ 34. Rxf3 Rxf3 0-1

[Event "Rio de Janeiro/RJ I IRT CXG"]
[Site "Rio de Janeiro"]
[Date "2011.03.26"]
[Round "4.9"]
[White "Mendes, Jorge Alberto Dacal"]
[Black "Rovedo, Salomao"]
[Result "1-0"]
[WhiteElo "1870"]
[BlackElo "1789"]
[PlyCount "75"]
[EventDate "2011.02.19"]
[EventType "swiss"]
[EventRounds "7"]
[EventCountry "BRA"]
[SourceTitle "EXT 2022"]
[Source "ChessBase"]
[SourceDate "2021.10.06"]
[SourceVersion "1"]
[SourceVersionDate "2021.10.06"]
[SourceQuality "1"]

1. c4 c5 2. g3 Nf6 3. Bg2 Nc6 4. Nc3 b6 5. Nf3 Bb7 6. 0-0 e6 7. d4 cxd4 8. Nxd4 Bc5 9. Ndb5 d6 10. Bf4 e5 11. Bg5 a6 12. Bxf6 gxf6 13. Na3 f5 14. e3 e4 15. Nc2 b5 16. cxb5 Ne5 17. b4 Bb6 18. bxa6 Bxa6 19. b5 Bb7 20. Nd4 Qd7 21. Bh3 Bxd4 22. exd4 Nf3+ 23. Kg2 e3 24. d5 Ng5 25. fxe3 Nxh3 26. Kxh3 Ra3 27. Rf4 Rxc3 28. Qd4 Rc5 29. Qxh8+ Ke7 30. a4 Bxd5 31. Qd4 Qe6 32. b6 Rc4 33. Qxc4 Bxc4 34. b7 Qh6+ 35. Rh4 Qf8 36. Rxc4 Qb8 37. Rb1 h5 38. Rc8 1-0

[Event "Rio de Janeiro Ferreira Memorial"]
[Site "Rio de Janeiro"]
[Date "2010.11.27"]
[Round "7.10"]
[White "Mendes, Jorge Alberto Dacal"]
[Black "Machado, Wallace Fernandes"]
[Result "1-0"]
[WhiteElo "1845"]
[BlackElo "1902"]
[PlyCount "51"]
[EventDate "2010.10.02"]
[EventType "swiss"]
[EventRounds "7"]
[EventCountry "BRA"]
[SourceTitle "EXT 2022"]
[Source "ChessBase"]
[SourceDate "2021.10.06"]
[SourceVersion "1"]
[SourceVersionDate "2021.10.06"]
[SourceQuality "1"]

1. c4 e6 2. Nc3 Nf6 3. Nf3 c5 4. d4 cxd4 5. Nxd4 Bc5 6. e3 0-0 7. Be2 d6 8. 0-0 a6 9. Rb1 Nbd7 10. b4 Ba7 11. Kh1 Qc7 12. Ba3 Bb8 13. f4 b5 14. Bf3 Ra7 15. Ncxb5 axb5 16. Nxb5 Qxc4 17. Nxa7 Bxa7 18. Qxd6 Bxe3 19. Bc6 Qa6 20. b5 Qb6 21. Bxd7 Qxd6 22. Bxd6 Rd8 23. Bxc8 Rxc8 24. b6 Ne4 25. b7 Nxd6 26. bxc8Q+ 1-0

[Event "Rio de Janeiro Ferreira Memorial"]
[Site "Rio de Janeiro"]
[Date "2010.10.23"]
[Round "3.11"]
[White "Fernandes, Silas Carvalho"]
[Black "Mendes, Jorge Alberto Dacal"]
[Result "1-0"]
[WhiteElo "2081"]
[BlackElo "1845"]
[PlyCount "101"]
[EventDate "2010.10.02"]
[EventType "swiss"]
[EventRounds "7"]
[EventCountry "BRA"]
[SourceTitle "EXT 2022"]
[Source "ChessBase"]
[SourceDate "2021.10.06"]
[SourceVersion "1"]
[SourceVersionDate "2021.10.06"]
[SourceQuality "1"]

1. d4 Nf6 2. c4 d6 3. Nc3 g6 4. e4 Bg7 5. Nf3 0-0 6. Be2 e5 7. 0-0 Nc6 8. d5 Ne7 9. Ne1 c5 10. Be3 Ne8 11. Nd3 f5 12. f3 f4 13. Bf2 g5 14. b4 cxb4 15. Nxb4 b6 16. a4 Bd7 17. Qb3 h5 18. Nc6 Nxc6 19. dxc6 Be6 20. Nd5 Rf7 21. a5 bxa5 22. Rfb1 Nc7 23. Be1 Na6 24. Bxa5 Qc8 25. Qa4 Nc5 26. Qb5 Bxd5 27. cxd5 Bf6 28. c7 a6 29. Qb8 Rf8 30. Qxc8 Rfxc8 31. Rb4 Kf7 32. Rab1 Ra7 33. Rb8 Raxc7 34. Bxc7 Rxc7 35. Ra8 Ke7 36. Bxa6 Nxa6 37. Rxa6 Kd7 38. Rab6 h4 39. Rb7 Bd8 40. Kf2 Kc8 41. Rxc7+ Bxc7 42. Ke2 Kd7 43. Kd3 Kc8 44. Kc4 Bd8 45. h3 Bc7 46. Kb5 Kb7 47. Rc1 Bd8 48. Rc6 Be7 49. Ra6 Bf8 50. Rb6+ Ka7 51. Kc6 1-0

[Event "Rio de Janeiro Ferreira Memorial"]
[Site "Rio de Janeiro"]
[Date "2010.10.09"]
[Round "1.9"]
[White "Mendes, Jorge Alberto Dacal"]
[Black "Santos Filho, Tadeu Souza"]
[Result "0-1"]
[WhiteElo "1845"]
[BlackElo "2094"]
[PlyCount "54"]
[EventDate "2010.10.02"]
[EventType "swiss"]
[EventRounds "7"]
[EventCountry "BRA"]
[SourceTitle "EXT 2022"]
[Source "ChessBase"]
[SourceDate "2021.10.06"]
[SourceVersion "1"]
[SourceVersionDate "2021.10.06"]
[SourceQuality "1"]

1. c4 Nf6 2. Nc3 d5 3. d4 g6 4. Nf3 Bg7 5. Qb3 dxc4 6. Qxc4 0-0 7. Bf4 c6 8. Qb3 Nbd7 9. e3 Nh5 10. Be5 Nxe5 11. Nxe5 c5 12. Bc4 e6 13. g4 cxd4 14. 0-0-0 Bxe5 15. gxh5 Qg5 16. Ne4 Qxh5 17. f4 Bg7 18. exd4 Qf5 19. Qf3 e5 20. d5 exf4 21. h3 Qe5 22. Rh2 Bf5 23. Bd3 Rac8+ 24. Kb1 Rfe8 25. Re2 Qd4 26. Rde1 Red8 27. Nf2 Qxd5 0-1

[Event "Rio de Janeiro Brazil op"]
[Site "Rio de Janeiro"]
[Date "2010.02.22"]
[Round "6"]
[White "De Miranda, Alexandre Pinto"]
[Black "Mendes, Jorge Alberto Dacal"]
[Result "1-0"]
[WhiteElo "2079"]
[BlackElo "1851"]
[PlyCount "42"]
[EventDate "2010.02.19"]
[EventType "swiss"]
[EventRounds "6"]
[EventCountry "BRA"]
[SourceTitle "CBM 134 Extra"]
[Source "ChessBase"]
[SourceDate "2010.03.03"]
[SourceVersion "1"]
[SourceVersionDate "2010.03.03"]
[SourceQuality "1"]

1. e4 e6 2. d4 d5 3. Nc3 Bb4 4. e5 c5 5. a3 Bxc3+ 6. bxc3 Ne7 7. Qg4 Nf5 8. Bd3 h5 9. Qf4 Nc6 10. Nf3 Nce7 11. dxc5 Qc7 12. Qb4 Bd7 13. Rb1 Bc6 14. 0-0 0-0 15. Re1 f6 16. Nd4 fxe5 17. Nxe6 Qb8 18. Nxf8 Kxf8 19. Bb5 a5 20. Qb3 a4 21. Qb4 Ra7 1-0

[Event "Rio de Janeiro Brazil op"]
[Site "Rio de Janeiro"]
[Date "2010.02.19"]
[Round "1"]
[White "Viana, Dirceu"]
[Black "Mendes, Jorge Alberto Dacal"]
[Result "1-0"]
[WhiteElo "2274"]
[BlackElo "1851"]
[PlyCount "49"]
[EventDate "2010.02.19"]
[EventType "swiss"]
[EventRounds "6"]
[EventCountry "BRA"]
[SourceTitle "CBM 134 Extra"]
[Source "ChessBase"]
[SourceDate "2010.03.03"]
[SourceVersion "1"]
[SourceVersionDate "2010.03.03"]
[SourceQuality "1"]

1. e4 c5 2. Nf3 e6 3. d3 Nc6 4. g3 d6 5. Bg2 Be7 6. 0-0 h5 7. h3 Qc7 8. c3 Bf6 9. d4 Bd7 10. Na3 a6 11. dxc5 dxc5 12. Nc4 e5 13. Be3 Be7 14. a4 Nf6 15. Ng5 Rd8 16. Qb3 0-0 17. f4 b5 18. axb5 axb5 19. Nxe5 Nxe5 20. fxe5 c4 21. Qc2 Qxe5 22. Bf4 Qc5+ 23. Kh1 h4 24. e5 Nh5 25. Qh7# 1-0

[Event "Rio de Janeiro Ferreira Memorial"]
[Site "Rio de Janeiro"]
[Date "2009.12.19"]
[Round "6"]
[White "Rovedo, Salomao"]
[Black "Mendes, Jorge Alberto Dacal"]
[Result "0-1"]
[WhiteElo "1782"]
[BlackElo "1848"]
[PlyCount "50"]
[EventDate "2009.11.14"]
[EventType "swiss"]
[EventRounds "6"]
[EventCountry "BRA"]
[SourceTitle "EXT 2011"]
[Source "ChessBase"]
[SourceDate "2010.11.26"]
[SourceVersion "1"]
[SourceVersionDate "2010.11.26"]
[SourceQuality "1"]

1. d4 Nf6 2. Bg5 g6 3. Nc3 Bg7 4. Nf3 d6 5. g3 c6 6. Bg2 Qc7 7. 0-0 0-0 8. e4 e5 9. dxe5 dxe5 10. Qe2 Be6 11. Rfd1 h6 12. Bxf6 Bxf6 13. Qe3 Kg7 14. Rd2 Nd7 15. Rad1 Be7 16. Ne1 Bg5 17. f4 exf4 18. Qd4+ Bf6 19. Qf2 fxg3 20. hxg3 Ne5 21. b3 Ng4 22. Qf3 Qa5 23. Na4 Rad8 24. Rxd8 Rxd8 25. Nd3 Bd4+ 0-1

[Event "Rio de Janeiro Ferreira Memorial"]
[Site "Rio de Janeiro"]
[Date "2009.12.10"]
[Round "5"]
[White "Mendes, Jorge Alberto Dacal"]
[Black "Siqueira, Allan de Sousa"]
[Result "1/2-1/2"]
[WhiteElo "1848"]
[BlackElo "1948"]
[PlyCount "133"]
[EventDate "2009.11.14"]
[EventType "swiss"]
[EventRounds "6"]
[EventCountry "BRA"]
[SourceTitle "EXT 2011"]
[Source "ChessBase"]
[SourceDate "2010.11.26"]
[SourceVersion "1"]
[SourceVersionDate "2010.11.26"]
[SourceQuality "1"]

1. c4 g5 2. d4 Bg7 3. Bxg5 c5 4. Be3 Nc6 5. Nf3 Qb6 6. Qc1 cxd4 7. c5 Qc7 8. Bd2 b6 9. Na3 Ba6 10. b4 b5 11. Rb1 e5 12. e4 dxe3 13. Bxe3 Rb8 14. Bd3 Nge7 15. Qc2 Rf8 16. Ng5 f5 17. Nxh7 e4 18. Nxf8 exd3 19. Qxd3 Kxf8 20. Nc2 Ne5 21. Qd6 Qxd6 22. cxd6 N7c6 23. Ke2 Nc4 24. h4 Re8 25. g3 Nd4+ 26. Nxd4 Bxd4 27. Rb3 Bb7 28. Rd1 Be5 29. Bh6+ Bg7+ 30. Be3 Re6 31. Kf1 Nxe3+ 32. Rxe3 Rxe3 33. fxe3 Be5 34. Kf2 Kf7 35. Rg1 Bxd6 36. g4 Be7 37. g5 Kg6 38. Rd1 Bc6 39. a3 Kh5 40. Kg3 Bd8 41. Kf4 Kxh4 42. Kxf5 Bxg5 43. e4 Be7 44. Rh1+ Kg3 45. Rh7 Bd8 46. Ke5 Bc7+ 47. Kd4 Kf4 48. Rf7+ Kg5 49. Kc5 Kg6 50. Rf8 Kg7 51. Rc8 Bb6+ 52. Kd6 Bxe4 53. Re8 Bf5 54. Re5 Bd3 55. Kxd7 Bc4 56. Kc6 Bd4 57. Re4 Bb6 58. Re8 Kf7 59. Re5 Bd4 60. Re4 Bb2 61. Rf4+ Ke6 62. Re4+ Kf5 63. Re3 Bc1 64. Re7 Bxa3 65. Rxa7 Bxb4 66. Rb7 Ke5 67. Rxb5+ 1/2-1/2

[Event "Rio de Janeiro Ferreira Memorial"]
[Site "Rio de Janeiro"]
[Date "2009.11.28"]
[Round "3"]
[White "Rabello, David Sousa"]
[Black "Mendes, Jorge Alberto Dacal"]
[Result "0-1"]
[WhiteElo "1976"]
[BlackElo "1848"]
[PlyCount "68"]
[EventDate "2009.11.14"]
[EventType "swiss"]
[EventRounds "6"]
[EventCountry "BRA"]
[SourceTitle "EXT 2011"]
[Source "ChessBase"]
[SourceDate "2010.11.26"]
[SourceVersion "1"]
[SourceVersionDate "2010.11.26"]
[SourceQuality "1"]

1. e4 c5 2. Nf3 a6 3. d4 cxd4 4. Nxd4 e6 5. Nc3 Qc7 6. Be2 d6 7. Be3 Bd7 8. 0-0 Nf6 9. f4 Be7 10. f5 Nc6 11. fxe6 fxe6 12. Bh5+ g6 13. Be2 0-0-0 14. a3 Ne5 15. a4 Nc4 16. Bxc4 Qxc4 17. Ra3 d5 18. Rb3 e5 19. Nxd5 Nxd5 20. exd5 Qxd5 21. Rc3+ Kb8 22. Nb3 Bxa4 23. Rd3 Qe6 24. Nc5 Qc6 25. Nxa4 Qxa4 26. Bb6 Rxd3 27. Qxd3 Qc6 28. Qe3 Qe6 29. Bd4 Bd6 30. Ba7+ Ka8 31. Qb6 Rc8 32. Qe3 Rxc2 33. Bd4 Qd5 34. Qh3 Qxd4+ 0-1

[Event "Rio de Janeiro CXG op 3rd"]
[Site "Rio de Janeiro"]
[Date "2009.10.24"]
[Round "6.7"]
[White "Chaves, Jorge Antonio Torre"]
[Black "Mendes, Jorge Alberto Dacal"]
[Result "1-0"]
[WhiteElo "2056"]
[BlackElo "1848"]
[PlyCount "33"]
[EventDate "2009.09.19"]
[EventType "swiss"]
[EventRounds "7"]
[EventCountry "BRA"]
[SourceTitle "EXT 2022"]
[Source "ChessBase"]
[SourceDate "2021.10.06"]
[SourceVersion "1"]
[SourceVersionDate "2021.10.06"]
[SourceQuality "1"]

1. e4 e6 2. d4 d5 3. Nd2 c5 4. exd5 Qxd5 5. Ngf3 cxd4 6. Bc4 Qc5 7. 0-0 Nc6 8. Qe2 Bd7 9. Nb3 Qb6 10. Rd1 Nf6 11. Nbxd4 a6 12. Nf5 Be7 13. Nxg7+ Kd8 14. Be3 Qa5 15. Ng5 Kc8 16. Nxf7 Rf8 17. Ng5 1-0

[Event "Rio de Janeiro CXG op 3rd"]
[Site "Rio de Janeiro"]
[Date "2009.10.03"]
[Round "3.8"]
[White "Siqueira, Allan de Sousa"]
[Black "Mendes, Jorge Alberto Dacal"]
[Result "1-0"]
[WhiteElo "1948"]
[BlackElo "1848"]
[PlyCount "69"]
[EventDate "2009.09.19"]
[EventType "swiss"]
[EventRounds "7"]
[EventCountry "BRA"]
[SourceTitle "EXT 2022"]
[Source "ChessBase"]
[SourceDate "2021.10.06"]
[SourceVersion "1"]
[SourceVersionDate "2021.10.06"]
[SourceQuality "1"]

1. d4 Nf6 2. c4 d6 3. Nc3 g6 4. e4 Bg7 5. h3 0-0 6. Bd3 e5 7. d5 a6 8. f4 exf4 9. Bxf4 Nh5 10. Bh2 Qh4+ 11. Kf1 Ng3+ 12. Bxg3 Qxg3 13. Nf3 Qf4 14. Qd2 Qf6 15. Kf2 Nd7 16. Rhf1 Ne5 17. Kg1 Qe7 18. Nxe5 Bxe5 19. Rf3 Bd7 20. Raf1 Bd4+ 21. Kh1 Rae8 22. Ne2 Bb6 23. Qc3 Qe5 24. Qxe5 dxe5 25. b4 c5 26. dxc6 Bxc6 27. c5 Bd8 28. Nc3 Kg7 29. a4 f5 30. b5 axb5 31. axb5 Bd7 32. exf5 Ba5 33. f6+ Kf7 34. Ne4 Bc7 35. Bc4+ 1-0

[Event "Rio de Janeiro CXG op 3rd"]
[Site "Rio de Janeiro"]
[Date "2009.09.26"]
[Round "2.8"]
[White "Mendes, Jorge Alberto Dacal"]
[Black "Rabello, David Sousa"]
[Result "1/2-1/2"]
[WhiteElo "1848"]
[BlackElo "1976"]
[PlyCount "90"]
[EventDate "2009.09.19"]
[EventType "swiss"]
[EventRounds "7"]
[EventCountry "BRA"]
[SourceTitle "EXT 2022"]
[Source "ChessBase"]
[SourceDate "2021.10.06"]
[SourceVersion "1"]
[SourceVersionDate "2021.10.06"]
[SourceQuality "1"]

1. c4 Nf6 2. d4 g6 3. Nc3 Bg7 4. e4 d6 5. f3 Nc6 6. Be3 0-0 7. Qd2 e5 8. d5 Ne7 9. Nge2 Nd7 10. 0-0-0 Nb6 11. Qd3 f5 12. g3 fxe4 13. fxe4 Nd7 14. Bh3 Nc5 15. Bxc5 Bxh3 16. Be3 Kh8 17. Qd2 Ng8 18. Rde1 Nf6 19. Ng1 Bd7 20. h3 Nh5 21. Nge2 Rf3 22. g4 Qf8 23. Kb1 Ng3 24. Nxg3 Rxg3 25. Ref1 Rf3 26. Qe2 Rxf1+ 27. Rxf1 Qe7 28. Rf3 a6 29. Qf2 Rf8 30. Rxf8+ Qxf8 31. Qxf8+ Bxf8 32. Bg5 h5 33. gxh5 gxh5 34. Bf6+ Kg8 35. h4 Kf7 36. Bd8 c5 37. a3 b5 38. b3 bxc4 39. bxc4 Bh3 40. Kc2 Ke8 41. Bg5 Be7 42. Bxe7 Kxe7 43. Kb3 Bf1 44. Nb1 Kd7 45. Nd2 Be2 1/2-1/2